| Поле | Инд. | ПП | Название | Значение |
|---|---|---|---|---|
| Тип записи | a | |||
| Библиографический уровень | s | |||
| 001 | Контрольный номер | RU/IS/BASE/405008268 | ||
| 005 | Дата корректировки | 20260227104109.0 | ||
| 008 | Кодируемые данные | 20121031 | ||
| 022 | 0_ | a | ISSN | 0235-5019 |
| 084 | a | Индекс другой классификации/Индекс ББК | 20.1 | |
| 090 | a | Полочн. индекс | Сводное описание журнала | |
| 245 | 10 | a | Заглавие | Проблемы окружающей среды и природных ресурсов |
| b | Продолж. заглавия | обзорная информация | ||
| c | Ответственность | РАН. ВИНИТИ; гл. ред. Ю. М. Арский | ||
| 260 | a | Место издания | Москва | |
| b | Издательство | ВИНИТИ | ||
| 310 | a | Периодичность в н.в. | 12 раз в год | |
| 362 | 1_ | a | Даты публикации или номер тома | 2012 - |
| 500 | a | Примечание | Журнал, издается с 1972 года | |
| 520 | 0_ | a | Аннотация | Научно-технический журнал содержит следующие разделы: теория и методы изучения охраны окружающей среды и использования природных ресурсов; социальные, политические, экономические и правовые основы охраны окружающей среды и использования природных ресурсов; международное сотрудничество; охрана и улучшение городской среды; загрязнение среды. Контроль загрязнения; загрязнение и охрана атмосферы; загрязнение и охрана вод суши, морей и океанов; охрана почв; воздействие антропогенных изменений окружающей среды на здоровье и социально-трудовой потенциал населения; воздействие загрязнения окружающей среды на состояние экосистем, популяций и отдельных растительных и животных организмов; охрана растительного и животного мира; стихийные бедствия и катастрофы антропогенного происхождения, экологическая безопасность; рациональное использование и воспроизводство природных ресурсов; охрана окружающей среды и природных ресурсов в отдельных регионах и странах. |
| 540 | a | Правовые условия | Бесплатный доступ с регистрацией | |
| b | Поставщик/Провайдер | ВИНИТИ РАН | ||
| 540 | a | Правовые условия | Бесплатный доступ с регистрацией | |
| b | Поставщик/Провайдер | eLIBRARY | ||
| 650 | 04 | a | Основная рубрика | экология; охрана окружающей среды |
| 856 | 40 | u | URL | http://old.viniti.ru/products/publications/pub-142273#issues |
| y | Справочный текст | Электронная версия | ||
| a | Имя сервера/домена | ВИНИТИ РАН | ||
| d | Путь | http://old.viniti.ru/ | ||
| i | Указания/сценарий входа | Бесплатный доступ c регистрацией | ||
| z | Примечание для пользователя | Архив с 2012 г. с отставанием на 1 год | ||
| 856 | 40 | a | Имя сервера/домена | Научная электронная библиотека eLIBRARY.RU |
| d | Путь | http://elibrary.ru | ||
| i | Указания/сценарий входа | Доступ после регистрации на компьютерах университета | ||
| u | URL | https://www.elibrary.ru/contents.asp?id=59784068 | ||
| y | Справочный текст | Электронная версия | ||
| z | Примечание для пользователя | Архив 2023 - 2024 гг. | ||
| 900 | a | Имя электронного ресурса | obl_problemy_okrujaiyshei_sredy | |
| x | Справочная информация | Обложка | ||
| 901 | t | Тип документа | u | |
| 952 | a | Тип литературы для КСУ ВШ | НЖ |